| 000 | 00568nam a2200217 i 4500 | ||
|---|---|---|---|
| 001 | bg | ||
| 100 | 1 | _aKATZ, Victor J. | |
| 245 | 1 | 0 |
_aA history of mathematics : _ban introduction / _cVictor J. Katz. |
| 250 | _a2nd ed. | ||
| 260 |
_aReading : _bAddison-Wesley, _ccop.1998. |
||
| 300 | _aXIV, 864, 15 s. | ||
| 504 | _aBibliogr. s. 863-864. - Indeks. | ||
| 650 | 9 |
_aMatematyka _xhistoria |
|
| 020 | _a0321016181 | ||
| 040 | _cBPK | ||
| 041 | 0 | _aen | |
| 080 | _a51(091) | ||
| 920 | _a0-321-01618-1 | ||
| 942 | _cKS | ||
| 008 | s pl f |000 0 pol | ||
| 999 |
_c36438 _d36438 |
||
| 856 |
_uhttp://koha.tu.koszalin.pl/cgi-bin/koha/opac-detail.pl?biblionumber=36438 _yKatalog online BPK |
||